| 000 | 00614nam a2200193 u 4500 | ||
|---|---|---|---|
| 005 | 20210223130349.0 | ||
| 008 | 080130s2006 mx r 000 0 spa d | ||
| 020 | _a8441322392 | ||
| 035 | _aUPN01000153964 | ||
| 049 | _aC | ||
| 050 | 4 |
_aN5300 H5.7 _bA7.3 |
|
| 245 | 1 | 3 | _aEl arte en el continente asíatico |
| 260 |
_aBarcelona, Esp. : _bFolio, _c2006. |
||
| 300 |
_a119 p. : _bil. col. |
||
| 440 | 0 | _aHistoria del Arte | |
| 505 | 8 |
_aContenido: _tArte de la India -- _tArte del sudeste asiático -- _tArte chino y coreano -- _tArte japonés |
|
| 650 | 4 |
_aARTE - _xHISTORIA - _vENCICLOPEDIAS _92485 |
|
| 905 | _aLibro | ||
| 999 |
_c126085 _d126085 |
||